Music Quiz

Random Music or Kpop Quiz

Match the KPOP songs for first half of 2017 Quiz Stats

 Plays Quiz not verified by Sporcle

Challenge
Share
Tweet
Embed
Score 0/81 Timer 13:00
0 Plays Today
% Correct
CLC
93.4%
Twice
92.9%
Red Velvet
92.7%
BTS
92.7%
GOT7
92.2%
K.A.R.D
91.6%
NCT 127
91.4%
BTS
89.7%
Twice
89.4%
BLACKPINK
89.1%
NCT 127
88.9%
AOA
86.2%
Pristin
86%
Seventeen
85.8%
K.A.R.D
85.5%
GFriend
84.9%
Winner
84.8%
iKON
83.7%
VIXX
83.1%
G-Dragon
82.8%
Triple H
82.1%
BTOB
80.3%
Monsta X
79.3%
iKON
79.1%
2NE1
78.8%
Winner
78.2%
Block B
77.3%
% Correct
PSY
76.1%
NCT Dream
74.6%
EXID
74.5%
PSY
74.3%
B.A.P
73%
Day6
71.7%
Monsta X
71.6%
Girl's Day
69.2%
Highlight
68%
Dreamcatcher
66.9%
Sistar
66.8%
Day6
64.4%
Mamamoo
64.2%
Zico
64%
Highlight
62%
Apink
62%
Astro
61.7%
IU Feat. G-Dragon
61.4%
Seohyun
60.9%
Oh My Girl
59.8%
Chungha Feat. Nucksal
59.7%
Pentagon
58.8%
SF9
58.6%
Taeyeon
57.6%
AKMU
56.6%
Taeyeon
56.3%
Cosmic Girls
55.8%
% Correct
Day6
53.6%
Cosmic Girls
51.5%
Unnies
48.1%
Lovelyz
45.8%
Teen Top
39.7%
Zion.T
38.3%
CNBLUE
38.2%
IU
38.1%
T-ara
37.3%
Nation's Son (Produce 101)
33.8%
Niel
32.9%
Produce 101
30.2%
Suran ft. Changmo
29%
Hyolyn, Kisum
28.9%
Sechskies
21%
Sechskies
19.8%
Dean ft. Baek Yerin
19.6%
Jessica Jung
17.7%
Jeong Eunji Feat. Hareem
17.4%
F.T Island Feat. Kim Nayoung
16.7%
Heize
15.9%
Bolbbalgan4, 20 Years Of Age
15.2%
Heize Feat. Shin Yong Jae
14.2%
Crush Feat. Beenzino
13.5%
Junhyung Feat. Heize
12.7%
Park Kyung
11.3%
Loco Feat. Dean
11.2%

You're not logged in!

Compare scores with friends on all Sporcle quizzes.
Join for Free
OR
Log In

You Might Also Like...

Show Comments

Extras

Created Aug 6, 2017ReportNominate
Tags:Kpop Quiz, 2017, Kpop Quiz

Top Quizzes Today


Score Distribution

Your Account Isn't Verified!

In order to create a playlist on Sporcle, you need to verify the email address you used during registration. Go to your Sporcle Settings to finish the process.

Report this User

Report this user for behavior that violates our Community Guidelines.

Details: